000 00706nam a2200205 a 4500
001 BRCA_671
005 20190320203112.0
008 060508s2000----us-a---###---#000-0#eng-#
020 _a1883124115
040 _aIMO
_cIMO
_dSMI
050 4 _aN712
_b.P67 2000
245 1 0 _aPortland Art Museum
_bProject for the Millennium
_cedited by Margaret Bullock and Donald Jenkins.
260 _aPortland, Oregón
_bPortland Art Museum
_cc2000
300 _a79 p.
_bil. a color
_c26 cm.
610 2 4 _aPortland Art Museum
_vCatálogos
_zOregón (Estados Unidos)
_92222
650 1 4 _aArte
_vCatálogos
_zOregón (Estados Unidos)
_92223
700 1 _aBullock, Margaret
_92224
700 1 _aJenkins, Donald
_92225
942 _2lcc
_cB
999 _c580
_d580